Progresívne materiály a technológie výroby odlievaných rezných nástrojov. Advanced materials and technologies of production of cast cutting tools

Gespeichert in:
Bibliographische Detailangaben
1. Verfasser: Chaus, Alexander 1954- (Verfasst von)
Format: Buch
Sprache:Slowakisch
Veröffentlicht: Trnava : AlumniPress, 2008
Ausgabe:1. vyd
Schriftenreihe:Vedecké monografie 3/2008
Schlagworte:
Online-Zugang:WWW
Tags: Tag hinzufügen
Keine Tags, Fügen Sie das erste Tag hinzu!

MARC

LEADER 00000nam a22000003a 4500
001 stu164839
005 20221209143115.8
008 080605s2008----xo------------------slo-d
020 |a 978-80-8096-060-5 
040 |a STU  |b slo 
041 0 |a slo 
044 |a xo 
080 |a 621.7 
100 1 |a Chaus, Alexander  |d 1954-  |4 aut  |u M3000  |9 100  |U MTF Materiálovotechnologická fakulta  |T MTF Ústav výrobných technológií  |X 4162  |U M3000  |Y 83  |7 A000004162 
245 1 |a Progresívne materiály a technológie výroby odlievaných rezných nástrojov. Advanced materials and technologies of production of cast cutting tools 
246 2 1 |a Advanced materials and technologies of production of cast cutting tools 
250 |a 1. vyd 
260 |a Trnava :  |b AlumniPress,  |c 2008 
300 |a 113 s 
650 7 |a rýchlorezná oceľ  |2 stusub 
650 7 |a rezný nástroj  |2 stusub 
650 7 |a odlievanie  |2 stusub 
830 0 |a Vedecké monografie  |v 3/2008 
856 4 |a http://www.mtf.stuba.sk  |u http://www.mtf.stuba.sk  |3 WWW 
996 |b 284M068401  |c M*12351-1  |l MMST  |s A  |a 24  |w stu164839_0001 
996 |c M* DigP-302  |l M  |s P  |a 0  |w stu164839_0002